000 00727nam a2200193 i 4500
001 83078
003 ES-MaACL
005 20230906174757.0
007 t|
008 041115s1981 sp ||||1| spa d
080 _a338.45(460):639.2(083.41)
245 0 0 _aIndustrias derivadas de la pesca : año 1978 /
_cInstituto Nacional de Estadística.
260 _aMadrid :
_b[Instituto Nacional de Estadística],
_c1981.
300 _aXII, 40 p. ;
_c27 cm.
594 _aPrecede al título: Estadísticas industriales, Industrias derivadas de la pesca.
650 4 _aIndustria pesquera-
_zEspaña-
_vEstadísticas.
_9157071
710 2 _aInstituto Nacional de Estadística (España)
_95162
852 _aES-MaACL
_j2118-F-24
_bR.102007
999 _c83078
_d83078